| 000 | 00767cam a2200253Ka 4500 | ||
|---|---|---|---|
| 999 |
_c1687 _d1687 |
||
| 001 | 672594 | ||
| 003 | OSt | ||
| 005 | 20180919174431.0 | ||
| 008 | 070904s1967 miu 000 0 eng d | ||
| 020 | _a0800785991 | ||
| 020 | _a9780800785994 | ||
| 035 | _a(OCoLC)ocn170562159 | ||
| 035 | _a(OCoLC)170562159 | ||
| 040 |
_aPTS _cPTS |
||
| 049 | _aPTSS | ||
| 082 |
_a242 _bL4191P |
||
| 090 |
_aBX2349 _b.L49 1967 |
||
| 100 | 0 |
_aLawrence, _cof the Resurrection, Brother, _d1611-1691. |
|
| 245 | 1 | 4 |
_aThe practice of the presence of God : _bwith spiritual maxims / _cBrother Lawrence. |
| 260 |
_aGrand Rapids : _bSpire, _bFleming H. Revell _cc 1967 _c1958 _g(2006 printing) |
||
| 300 |
_a112 p. ; _c18 cm. |
||
| 650 | 0 |
_aChristian life _xCatholic authors. |
|
| 942 |
_2ddc _cBK |
||